Определение оптимального радиуса действия шкафных газорегуляторных пунктов; Энергетика: экология, надежность, безопасность

Podrobná bibliografie
Parent link:Энергетика: экология, надежность, безопасность.— 2010.— [С. 158-162]
Hlavní autor: Медведева О. Н.
Další autoři: Любимова Е. Е.
Shrnutí:Заглавие с экрана.
Электронная версия печатной публикации
Jazyk:ruština
Vydáno: 2010
Témata:
On-line přístup:http://www.lib.tpu.ru/fulltext/v/Conferences/2010/K02/3054.pdf
Médium: MixedMaterials Elektronický zdroj Kapitola
KOHA link:https://koha.lib.tpu.ru/cgi-bin/koha/opac-detail.pl?biblionumber=205064

MARC

LEADER 00000naa2a2200000 4500
001 205064
005 20260203111631.0
035 |a (RuTPU)RU\TPU\book\223514 
035 |a RU\TPU\book\223455 
090 |a 205064 
100 |a 20111206d2010 k y0rusy50 ca 
101 0 |a rus 
102 |a RU 
135 |a drnn ---uucaa 
181 0 |a i  
182 0 |a b 
200 1 |a Определение оптимального радиуса действия шкафных газорегуляторных пунктов  |f О. Н. Медведева, Е. Е. Любимова 
203 |a Текст  |c электронный 
215 |a 1 файл (328 Кб) 
300 |a Заглавие с экрана. 
300 |a Электронная версия печатной публикации 
337 |a Adobe Reader 
463 1 |0 (RuTPU)RU\TPU\book\205138  |t Энергетика: экология, надежность, безопасность  |o материалы докладов XVI Всероссийской научно-технической конференции, 8-10 декабря 2010 г., Томск  |f Национальный исследовательский Томский политехнический университет (ТПУ)); Российский фонд фундаментальных исследований (РФФИ); Томское профессорское собрание; Международная академия наук экологии и безопасности жизнедеятельности (МАНЭБ)  |v [С. 158-162]  |d 2010 
610 1 |a газорегуляторные пункты 
610 1 |a радиусы 
610 1 |a системы газоснабжения 
610 1 |a данные 
610 1 |a централизация 
610 1 |a сравнительный анализ 
610 1 |a методы определения 
610 1 |a электронный ресурс 
700 1 |a Медведева  |b О. Н. 
701 1 |a Любимова  |b Е. Е. 
801 1 |a RU  |b 63413507  |c 20111130 
801 2 |a RU  |b 63413507  |c 20111206  |g RCR 
856 4 |u http://www.lib.tpu.ru/fulltext/v/Conferences/2010/K02/3054.pdf 
942 |c CF